|
|
|
|
| LEADER |
00000nam0a2200000 4500 |
| 001 |
340654 |
| 005 |
20231102005249.0 |
| 035 |
|
|
|a (RuTPU)RU\TPU\book\367577
|
| 090 |
|
|
|a 340654
|
| 100 |
|
|
|a 20180404d1982 k y0rusy50 ca
|
| 101 |
0 |
|
|a rus
|
| 102 |
|
|
|a RU
|
| 105 |
|
|
|a a dm 001zy
|
| 200 |
1 |
|
|a Аналитические аспекты полярографии ряда фторированных B-аминовинилкетонов и их металлохелатов
|e автореферат диссертации на соискание ученой степени кандидата химических наук
|e спец. 02.00.02
|f О. Ю. Каргина
|g Казанский государственный университет (КГУ) ; науч. рук. Г. К. Будников
|
| 210 |
|
|
|a Казань
|c [Б. и.]
|d 1982
|
| 215 |
|
|
|a 16 с.
|c ил.
|
| 300 |
|
|
|a Защита сост. 09.12.1982 г.
|
| 320 |
|
|
|a Библиогр.: с. 16 (5 назв.)
|
| 606 |
1 |
|
|a Химические реактивы, органические
|2 stltpush
|3 (RuTPU)RU\TPU\subj\73372
|9 86404
|
| 610 |
1 |
|
|a полярография
|
| 610 |
1 |
|
|a аналитическая химия
|
| 610 |
1 |
|
|a амиловинилкетоны
|
| 610 |
1 |
|
|a металлохелаты
|
| 610 |
1 |
|
|a фторирование
|
| 610 |
1 |
|
|a экстракционное определение
|
| 610 |
1 |
|
|a полярографическое определение
|
| 610 |
1 |
|
|a библиотека А. Г. Стромберга
|
| 610 |
1 |
|
|a авторефераты диссертаций
|
| 675 |
|
|
|a 543-412.2(04)
|v 4
|
| 686 |
|
|
|a 02.00.02
|2 oksvnk
|
| 700 |
|
1 |
|a Каргина
|b О. Ю.
|g Ольга Юрьевна
|
| 702 |
|
1 |
|a Будников
|b Г. К.
|4 727
|
| 712 |
0 |
2 |
|a Казанский государственный университет (КГУ)
|c (1804-2010)
|2 stltpush
|3 (RuTPU)RU\TPU\col\215
|
| 801 |
|
1 |
|a RU
|b 63413507
|c 20180404
|
| 801 |
|
2 |
|a RU
|b 63413507
|c 20180524
|g RCR
|
| 942 |
|
|
|c BK
|